English 5: Texto para el estudiante 5 § básico
Guardat en:
| Autor principal: | |
|---|---|
| Altres autors: | |
| Format: | Llibre |
| Idioma: | espanyol |
| Publicat: |
Santiago
Richmond Publishing
2009
|
| Matèries: | |
| Etiquetes: |
Afegir etiqueta
Sense etiquetes, Sigues el primer a etiquetar aquest registre!
|
MARC
| LEADER | 00000nam a2200000 a 4500 | ||
|---|---|---|---|
| 001 | UCG0074 | ||
| 003 | CL-VaPUC | ||
| 008 | 100312e20090000CL |||||||||||||||||spa|d | ||
| 020 | |a 9789561515017 | ||
| 082 | 0 | 4 | |a 372.65 |b MON |2 21 |
| 100 | |a Montes Molina, Carmen Cecilia |e autora |9 611963 | ||
| 700 | |a Páez Ubilla, Alicia |e autora |9 611837 | ||
| 245 | 1 | 0 | |a English 5: Texto para el estudiante 5 § básico |
| 300 | |a 136 p | ||
| 942 | |c BK | ||
| 945 | |d 20100312 00:00:00 |a rbrito | ||
| 260 | |a Santiago |b Richmond Publishing |c 2009 | ||
| 650 | 0 | |a Enseñanza del inglés |9 367340 | |
| 650 | 0 | |a Enseñanza de idiomas |9 339820 | |
| 650 | 0 | |a Educación básica |9 224933 | |
| 650 | 0 | |a Libros de texto |9 270019 | |
| 650 | 0 | |a Métodos de enseñanza |9 270413 | |
| 583 | |a last modification |c 20121105 03:00:43 |k Rodrigo Vera | ||
| 999 | |c 339825 |d 339823 | ||
| 952 | |0 0 |1 0 |4 0 |6 372_650000000000000_MON_2009 |7 0 |8 A |9 434001 |a BIBEDU |b BIBEDU |d 2019-11-22 |i 4638832 |o 372.65 MON 2009 |p 4638832 |r 2019-11-22 |w 2019-11-22 |y BK |k EPE | ||
| 952 | |0 0 |1 0 |4 0 |6 372_650000000000000_MON_2009 |7 0 |8 A |9 434002 |a BIBEDU |b BIBEDU |d 2019-11-22 |i 4638840 |o 372.65 MON 2009 |p 4638840 |r 2019-11-22 |w 2019-11-22 |y BK |k EPE | ||
| 952 | |0 0 |1 0 |4 0 |6 372_650000000000000_MON_2009 |7 0 |8 A |9 434003 |a BIBEDU |b BIBEDU |d 2019-11-22 |i 4638859 |o 372.65 MON 2009 |p 4638859 |r 2019-11-22 |w 2019-11-22 |y BK |k EPE | ||
| 952 | |0 0 |1 0 |4 0 |6 372_650000000000000_MON_2009 |7 0 |8 A |9 434004 |a BIBEDU |b BIBEDU |d 2019-11-22 |i 4638867 |o 372.65 MON 2009 |p 4638867 |r 2019-11-22 |w 2019-11-22 |y BK |k EPE | ||
| 952 | |0 0 |1 0 |4 0 |6 372_650000000000000_MON_2009 |7 0 |8 A |9 434005 |a BIBEDU |b BIBEDU |d 2019-11-22 |i 4638875 |l 2 |o 372.65 MON 2009 |p 4638875 |q 2024-11-06 |r 2024-10-22 |s 2024-10-22 |w 2019-11-22 |y BK |k EPE | ||